• 首页
  • 本馆介绍
  • 公告通知
  • 最新文献
  • 馆藏检索
  • 电子资源
  • 读者导购
  • 参考咨询
  • 我的图书馆
  • 登录
  • 详细信息显示
  • 放入我的书架
  • 预约/预借图书
  • 作者相关作品
  • 分类相关作品
  • 丛书相关作品
  • 出版社相关作品

书目信息

  • 表格格式
  • 工作单格式
  • 卡片格式
题名:
中国老字号故事
    
 
作者: 杨建明 , 王忆萍 编著
分册:  
出版信息: 济南   齐鲁书社  2019
页数: 10,292页
开本: 23cm
丛书名: 中外故事书系
单 册:
中图分类: F279.24
科图分类:
主题词: 老字号--lao zi hao--介绍--中国
电子资源:
ISBN: 978-7-5333-4150-3
000 00951oam2 2200265 450
001 2151086536
005 20211018173724.0
010    @a978-7-5333-4150-3@dCNY48.00
100    @a20191220d2019 em y0chiy0120 ea
101 0  @achi
102    @aCN@b370000
105    @aa z 000yy
106    @ar
200 1  @a中国老字号故事@Azhong guo lao zi hao gu shi@f杨建明,王忆萍编著
210    @a济南@c齐鲁书社@d2019
215    @a10,292页@c图@d23cm
225 2  @a中外故事书系@Azhong wai gu shi shu xi@i非物质文化遗产故事丛书
330    @a本书以图文结合的形式,叙述了全聚德、便宜坊、果仁张、狗不理、楼外楼等这些老字号创建、演变、发展的动人故事,展示了老字号的风雨历程。
461  0 @12001 @a中外故事书系@i非物质文化遗产故事丛书
606 0  @a老字号@Alao zi hao@x介绍@y中国
690    @aF279.24@v5
701  0 @a杨建明@Ayang jian ming@4编著
701  0 @a王忆萍@Awang yi ping@4编著
801  0 @aCN@b百万庄@c20211016
905    @b1309304-07@dF279.24@e1831@f4
    
    中国老字号故事/杨建明,王忆萍编著.-济南:齐鲁书社,2019
    10,292页:图;23cm.-(中外故事书系.非物质文化遗产故事丛书)
    
    
    ISBN 978-7-5333-4150-3:CNY48.00
    本书以图文结合的形式,叙述了全聚德、便宜坊、果仁张、狗不理、楼外楼等这些老字号创建、演变、发展的动人故事,展示了老字号的风雨历程。
●
相关链接 在E读中查询图书 在五车中查询图书 在当当中查询图书 在豆瓣中查询图书


正题名:中国老字号故事     索取号:F279.24/1831         预约/预借

序号 登录号 条形码 馆藏地/架位号 状态 备注
1 1309304   213093043   第一样本阅览室/ [索取号:F279.24/1831] 在馆    
2 1309305   213093052   第一借阅区/ [索取号:F279.24/1831] 在馆    
3 1309306   213093061   第一借阅区/ [索取号:F279.24/1831] 在馆    
4 1309307   213093070   第一借阅区/ [索取号:F279.24/1831] 在馆    
唐山师范学院图书馆 欢迎您!
大连网信软件有限公司© 版权所有